| 000 | 00622nam a22001937a 4500 | ||
|---|---|---|---|
| 005 | 20140224144402.0 | ||
| 010 | _aENG-108744 | ||
| 020 |
_c495.00 _a9788192426532 |
||
| 035 | _aEN-92277 | ||
| 037 | _bDBAD/PUB | ||
| 082 | _a371.334 | ||
| 100 | _aSingh, U. K. | ||
| 245 |
_aEducation in computer age / _cby U. K. Singh |
||
| 260 |
_aNew Delhi _bGaurav Book Distributors _c2013 |
||
| 270 |
_aH No. 45,Ground floor, Shivaji Marg, Gali No. 5, Kartar Nagar _bDelhi _e110053 |
||
| 300 |
_aviii,160p. _c22cm(Hb) |
||
| 500 | _aIncludes bibliographical references and lndex | ||
| 942 |
_2ddc _cEN _mSIN _h371.334 |
||
| 999 |
_c81078 _d81078 |
||